00578 2200205 4500001002100000005001500021035002000036007000300056008004100059082001000100084001400110245010300124250001000227260004300237300002200280650001900302700002900321990001100350990001100361INLIS00000000000662220210226030237 a0010-0221000386ta210226 0 ind  aR.811 aR.811 BAL aBalada :bAnalogi Puisi Penyair Bangka-Belitung Lintas Generasi /ceditor, Sunlie Thomas Alexander acet.1 a[s.l] :bEmas Bangka Production,c2008 a98 hal. ;c20 cm. 4aANTOLOGI PUISI0 aSUNLIE, Thomas Alexander a4046 a a4046 b